000 00645nam a22001577a 4500
003 OSt
005 20151003163003.0
008 151003b xxu||||| |||| 00| 0 eng d
040 _cRUA
082 _aAGR សំ​ 1995 B014 Or.1
100 _91944
_aសំ,​វិទូ
245 _aStratergy to Promote Agroforestry in Svay Rieng District, Svay rieng Province, យុទ្ធសាស្រ្តនៃការបង្កើនកសិរុក្ខកម្មនៅ ស្រុកស្វាយរៀង ខេត្តស្វាយរៀង
260 _aPhnom Penh
_bRUA
_c1995
300 _a40p.
_bill.
_c29cm.
942 _2ddc
_cAGR
999 _c1836
_d1836